000 01207nam a2200313 i 4500
001 90007
003 ES-MaACL
005 20250823085848.0
007 t|
008 050117s1963 pr |||| |dspa d
080 _a 86.09(04)
100 1 _aLázaro, Ángel,
_9240342
_d1900-1985
_eaut
245 1 0 _aSemblanzas y ensayos :
_bGaldós, Unamuno, Menéndez Pelayo, Valle-Inclán, "Azorín" /
_cÁngel Lázaro.
260 _aPuerto Rico :
_bUniversidad de Puerto Rico, Colegio Regional de Humacao,
_c1963
300 _a276 p. ;
_c20 cm.
600 1 4 _aPérez Galdós, Benito,
_d1843-1920
_990871
600 1 4 _aUnamuno, Miguel de,
_d1864-1936
_9111982
600 1 4 _aValle-Inclán, Ramón del,
_d1866-1936
_9112796
600 0 4 _aAzorín,
_d1873-1967
_924326
600 1 7 _aMenéndez y Pelayo, Marcelino,
_d1856-1912
_980332
650 4 _aLiteratura española-
_yS.XIX-
_xHistoria y crítica.
_914568
650 4 _aLiteratura española-
_yS.XX-
_xHistoria y crítica.
_9141686
710 2 _aUniversidad de Puerto Rico
_eedt
_97273
852 _aES-MaACL
_jC-24282
_cDEPO2
852 _aES-MaACL
_jL-1010
_cDEPO2
942 _2udc
_cMONOGRAFIA
_n0
999 _c90007
_d90007